[Event "FIDE Chess.com Grand Swiss"]
[Site "Mount Murray IOM"]
[Date "2019.10.20"]
[Round "10.73"]
[White "Zatonskih, Anna"]
[Black "Rodshtein, Maxim"]
[Result "0-1"]
[WhiteElo "2422"]
[BlackElo "2684"]
[PlyCount "122"]
[EventDate "2019.10.10"]
[EventType "swiss"]
[EventRounds "11"]
[EventCountry "IOM"]
[SourceTitle "twic1302"]
[Source "Mark Crowther"]
[SourceDate "2019.10.21"]
[SourceVersion "2"]
[SourceVersionDate "2019.10.25"]
[SourceQuality "2"]

1. d4 Nf6 2. Nf3 e6 3. g3 b5 4. Bg2 d5 5. O-O Nbd7 6. a4 b4 7. c4 bxc3 8. Nxc3
Bb7 9. Bf4 a6 10. Rc1 Rc8 11. b4 h6 12. Rb1 Bd6 13. Bxd6 cxd6 14. Qb3 Nb6 15.
Rfc1 Nc4 16. Qa2 Nd7 17. e3 O-O 18. Nd2 Ndb6 19. Nb3 Bc6 20. Bf1 Qd7 21. a5 Na8
22. e4 Nc7 23. exd5 exd5 24. Bg2 Qf5 25. Nd2 Nb5 26. Nxb5 Bxb5 27. Nf3 Rfe8 28.
Nh4 Qf6 29. Rd1 g5 30. Nf3 Re4 31. Qa1 Rce8 32. h3 Bd7 33. Qc3 Rc8 34. Qb3 Re2
35. Bf1 Re3 36. fxe3 Qxf3 37. e4 Ne3 38. Rd3 Qxg3+ 39. Kh1 Qf2 40. Rxe3 Rc2 41.
Re2 Rxe2 42. Bxe2 Qxe2 43. Kg1 Bb5 44. Qg3 Qxe4 45. Rd1 Kg7 46. Qf2 Qe6 47. Kh2
Bd7 48. Qf3 f5 49. Qf1 Bb5 50. Qe1 Qf6 51. Qd2 f4 52. Re1 h5 53. Rc1 g4 54.
Rc7+ Kh6 55. Qc2 g3+ 56. Kg2 Kg5 57. Qd2 Qe6 58. h4+ Kf5 59. Rh7 Qe4+ 60. Kg1
Qb1+ 61. Kg2 Qf1# 0-1

[Event "FIDE Chess.com Grand Swiss"]
[Site "Mount Murray IOM"]
[Date "2019.10.21"]
[Round "11.29"]
[White "Fedoseev, Vladimir"]
[Black "Tari, Aryan"]
[Result "1-0"]
[WhiteElo "2664"]
[BlackElo "2630"]
[PlyCount "137"]
[EventDate "2019.10.10"]
[EventType "swiss"]
[EventRounds "11"]
[EventCountry "IOM"]
[SourceTitle "twic1302"]
[Source "Mark Crowther"]
[SourceDate "2019.10.21"]
[SourceVersion "2"]
[SourceVersionDate "2019.10.25"]
[SourceQuality "2"]

1. d4 Nf6 2. c4 g6 3. h4 c5 4. d5 b5 5. cxb5 a6 6. e3 Bg7 7. Nc3 O-O 8. a4 e6
9. d6 axb5 10. Bxb5 Bb7 11. Nf3 Na6 12. O-O Nb4 13. Qe2 Ne4 14. Nxe4 Bxe4 15.
Ng5 Bc6 16. Bd2 Qb6 17. Bc3 f6 18. Nf3 Nd5 19. e4 Nxc3 20. bxc3 f5 21. e5 Bxf3
22. Qxf3 Bxe5 23. Bxd7 Qxd6 24. Rad1 Qe7 25. Rfe1 Qf6 26. Rd3 Kh8 27. Qc6 Bxc3
28. Rxe6 Qg7 29. Qxc5 Bf6 30. Qc4 Rad8 31. Red6 f4 32. a5 Bxh4 33. a6 Be7 34.
R6d5 Ra8 35. Bb5 Rac8 36. Qd4 Rc1+ 37. Rd1 Qxd4 38. R5xd4 Rxd1+ 39. Rxd1 Bc5
40. Bc6 Rf6 41. Bb7 Kg7 42. Kf1 h6 43. Ke2 f3+ 44. gxf3 g5 45. Rc1 Ba7 46. Bc8
Rf7 47. Rc6 Re7+ 48. Kf1 Bd4 49. Be6 h5 50. Kg2 h4 51. Bc4 Rd7 52. Be6 Re7 53.
Bd5 Kf8 54. Rc8+ Re8 55. Rc4 Ba7 56. Rc7 Re7 57. Rxa7 Rxa7 58. Bb7 Ke7 59. Kh3
Kf6 60. Kg4 Ke5 61. f4+ gxf4 62. Kxh4 f3 63. Kg4 Kf6 64. Kxf3 Kf5 65. Ke3 Ke5
66. Kd3 Kf4 67. Ke2 Kg5 68. Ke3 Kf5 69. Kf3 1-0

[Event "FIDE Chess.com Grand Swiss"]
[Site "Mount Murray IOM"]
[Date "2019.10.21"]
[Round "11.71"]
[White "Batsiashvili, Nino"]
[Black "Bulmaga, Irina"]
[Result "1-0"]
[WhiteElo "2422"]
[BlackElo "2442"]
[PlyCount "131"]
[EventDate "2019.10.10"]
[EventType "swiss"]
[EventRounds "11"]
[EventCountry "IOM"]
[SourceTitle "twic1302"]
[Source "Mark Crowther"]
[SourceDate "2019.10.21"]
[SourceVersion "2"]
[SourceVersionDate "2019.10.25"]
[SourceQuality "2"]

1. d4 Nf6 2. Bf4 e6 3. e3 b6 4. Qf3 d5 5. Nc3 Bb7 6. Bd3 Bb4 7. Nge2 c5 8. a3
Bxc3+ 9. Nxc3 a6 10. g4 Nc6 11. g5 Nd7 12. O-O-O c4 13. Bf1 O-O 14. h4 b5 15.
h5 f5 16. gxf6 Nxf6 17. Bh3 Qe7 18. Rhg1 Rf7 19. Rg3 Raf8 20. Rdg1 Ne8 21. Qg4
Nd8 22. Be5 Nf6 23. Qg5 Ne8 24. Ne2 Nc6 25. Nf4 Bc8 26. Bxg7 Rxg7 27. Qxe7 Nxe7
28. Rxg7+ Nxg7 29. h6 Rf7 30. Bxe6 Bxe6 31. Nxe6 Ng6 32. Nxg7 Rxf2 33. Rg5 Re2
34. Rxd5 Rxe3 35. Rd6 Kf7 36. Rxa6 Nf4 37. Nf5 Re1+ 38. Kd2 Re2+ 39. Kd1 Rh2
40. Nd6+ Ke6 41. Nxb5+ Kd5 42. Ra8 Rxh6 43. Rd8+ Ke4 44. Nd6+ Kf3 45. Nxc4 Rh1+
46. Kd2 Ke4 47. b4 Rh2+ 48. Kc3 Ne2+ 49. Kb2 Nxd4 50. Re8+ Kf4 51. Kc3 Nb5+ 52.
Kd3 Rh3+ 53. Ne3 Nxa3 54. c4 Rh2 55. b5 Rb2 56. b6 Rb3+ 57. Kd4 h5 58. Nd5+ Kg4
59. Rg8+ Kf3 60. Rh8 Kg4 61. c5 Rb2 62. c6 Rd2+ 63. Kc5 Rc2+ 64. Kb4 Nc4 65. b7
Ne5 66. Ne3+ 1-0